| 000 | 05693cam a2200469 a 4500 | ||
|---|---|---|---|
| 001 | 15812755 | ||
| 003 | OSt | ||
| 005 | 20240222103919.0 | ||
| 008 | 090703s2009 sz ae 000 0 eng c | ||
| 010 | _a 2009466370 | ||
| 015 |
_aGBA8B4952 _2bnb |
||
| 016 | 7 |
_a014766254 _2Uk |
|
| 020 | _a3037680083 | ||
| 020 | _a9783037680087 | ||
| 020 | _a9783938780640 (hbk.) | ||
| 020 | _a3938780649 (hbk.) | ||
| 035 | _a(OCoLC)ocn431193567 | ||
| 040 |
_aYDXCP _cYDXCP _dIXA _dBON _dHEBIS _dDEBBG _dUKM _dBTCTA _dBAKER _dDLC |
||
| 042 | _apcc | ||
| 050 | 0 | 0 |
_aNA4130 _b.M4913 2009 |
| 082 |
_a721.0441 _bMEY |
||
| 084 |
_aZH 4100 _2rvk |
||
| 100 | 1 |
_aMeyhöfer, Dirk. _9121049 |
|
| 245 | 1 | 0 |
_aSet in stone : _brethinking a timelss material / _cDirk Meyhöfer ; [translation, Stephen Roche]. |
| 246 | 3 | 0 | _aStone |
| 250 | _a1st ed. | ||
| 260 |
_a[Salenstein] : _bBraun, _c2009. |
||
| 300 |
_a256 p. : _bill. (chiefly col.), plans ; _c25 cm. |
||
| 505 | 0 | _aSkin: Extension of the Davidwache police station / Prof. Berhnard Winking Architekten BDA with Martin Froh ; Centro de Artes de Sines / Manuel Aires Mateus, Francisco Aires Mateus ; Police Station / De Twee Snoeken ; Pfanner House / Zoka Zola Architecture + Urban Design ; Telfair Museum of Art, Jepson Center for the Arts / Moshe Safdie and Associates with Hansen Architects ; Diepensen Fire Station / Ellers Architekten BDA ; Residential and commercial buildings / Prof. Johanne Nalback, Nalbach + Nalbach Gesellschaft van Architekten mbH ; Stein residence / JSWD Architekten -- Evangelical parish hall / Jutta Heinze -- Stone Museum / Kengo Kuma & Associates -- Loki Schmidt House, museum in the botanical gardens / Prof. Bernhard Winking Architekten BDA ; World Wide Fund for Nature headquarters / RAU ; Mausoleum of Yasser Arafat / Jafar Tukan ; Portikus art gallery / Prof. Christoph Mäckler Architekten -- Crematorium, Waldfriedhof cemetery / Julia Heinze -- Elemental: Ritter Museum / Max Dudler -- Casa das Mudas Arts Center / Paolo David ; Granitzentrum Bayerischer Wald / Brückner & Brückner Architekten ; Mount Sinai Memorial Park / Behr Browers Architects Inc. ; Lakeside House / Cristian Undurraga, Undurraga Deves Studio ; Lu-ye-yuan Stone Sculpture Art Museum / Liu Jiakunwith Wang Lun ; Public library / German Ramirez, Alejandro Piñol, Miguel Torres, and Carlos Meza ; Refurbishment and extension of the Franz Marc Museum / Diethelm & Spillmann ; Jahrhunderthaus Bochum / Prof. Wolfgang Krenz, Archwerk Generalplaner KG ; Multipurpose municipality building / Walser + Werle Architekten ZT GmbH ; Grand Théâtre de Provence / Gregotti Associati International ; Remodeling of a mill / Luci Kavánová ; Single-family house in Brione / Markus Wespi Jérômede Meuron Architekten BSA AG ; Single-family house in Dublin / Boyd Cody Architects ; Courtyard 104 / Ai Weiwei / FAKE Design -- Ornamental: Cultural center in Lavapiés / José Ignacio Linazasoro ; Hundertacht House / Uwe Schröder ; Voghera cemetery / Monestiroli Architetti Associati, Antonio Monestiroli, Tomaso Monestiroli ; Lévi-Strauss school and sports hall / Prof. Christoph Mäckler Architekten ; Municipal library / Studio Archea Associati ; East Tennessee State University and General Shale Brick Natural History Museum and Visitor Center, Gray Fossil Site / Hnedak Bobo Group (formerly Bullock Smith & Partners) and Vaughan & Melton ; Twin Bricks / Yasuhiro Yamashita ; Synagogue / KOKO architects ; Condominium Trnovski pristan / Sadar Vuga Arhitekti ; Civic Heart / Jo Fairfax ; Symphony Science and Musical Education Center / Konior Studio with Tomasz Konior, A. Krzysztof Barysz, Andrej Witkowski, Aleksander Nowacki ; Imperatore House / Plan 3 Arquitectos Ltda. ; Gateway building, Southern Metropolitan Park / Antonio Polidura + Pablo Talhouk ; Basalt streetcar stop / Despang Architekten ; House on Lake erie / Emanuela Frattini Magnusson, EFM Design ; Mortensrud church / Jensen & Skodvin -- XXL: Extension of the Prado Museum / Rafael Moneo ; Laboratory building, University Medical Center Hamburg-Eppenhdorf / gmp, Architekten von Gerkan, Marg und Partner ; Institute for the Blind / Georg, Scheel, Wetzel Architekten ; Baur-Areal housing estate / Architektur 6H, Kugler ExkhoffRiebelmann ; School canteen / despang Architkten ; Careum Campus / GWH Architekten ; Barnsley Digital Media Centre / Bauman Lyons Architects ; Entrance to Roman baths / Prof. O. M. Ungers GmbH ; South Tenerife Convention Center / AMP arquitectos ; Hotel Concorde / Jan Kleihues, Kleihues + Kleihues ; Tenerife Athletic Center / AMP Arquitectos ; Rectory building of the University of Lisbon / Manuel Aires Mateus, Francisco Aires Mateus ; Opera House / Snøhetta AS ; Junior High School with cultural and sports complex / Konior Studio with TomaszKonior, Tomasz Danielec, Andrzej Witkowski ; Clarion Hotel Sign / Gert Wingârdh, Wingârdh Arkitektkontor AB ; Civic center and city hall of Vitacura / Iglesis Prat Arquitectos Ltda ; Reconstruction of the Frauenkirche / IPRO Dresden Planungs und Ingenieuraktiengesellschaft ; Sports hall Bale / 3LDH architects. | |
| 650 | 0 |
_aStone buildings. _9121050 |
|
| 650 | 0 |
_aStone buildings _vPictorial works. _9121051 |
|
| 650 | 0 | 7 |
_aInnenarchitektur. _2swd _9121052 |
| 650 | 0 | 7 |
_aSteinbau. _2swd _9121053 |
| 655 | 7 |
_aBildband. _2swd _9121054 |
|
| 700 | 1 |
_aRoche, Stephen, _d1959- _9121055 |
|
| 906 |
_a7 _bcbc _cpccadap _d3 _encip _f20 _gy-gencatlg |
||
| 936 | _aPR 319865729 | ||
| 942 |
_2ddc _cREF |
||
| 999 |
_c608006 _d608006 |
||